Cuna de condores / (Registro nro. 7869)
[ vista simple ]
| 000 -CABECERA | |
|---|---|
| campo de control de longitud fija | 00571nam a2200181 a 4500 |
| 001 - NÚMERO DE CONTROL | |
| campo de control | 000008092 |
| 005 - FECHA Y HORA DE LA ÚLTIMA TRANSACCIÓN | |
| campo de control | 20200929154429.0 |
| 008 - DATOS DE LONGITUD FIJA--INFORMACIÓN GENERAL | |
| campo de control de longitud fija | 771112s1983 cl 001 1 spa |
| 040 ## - FUENTE DE LA CATALOGACIÓN | |
| Centro catalogador/agencia de origen | DO-SdBNP |
| Lengua de catalogación | spa |
| Centro/agencia modificador | BNPHU |
| 082 ## - NÚMERO DE LA CLASIFICACIÓN DECIMAL DEWEY | |
| Número de clasificación | Ch863.44 |
| Número de documento/Ítem | L358c |
| 100 1# - ENTRADA PRINCIPAL--NOMBRE DE PERSONA | |
| Nombre de persona | Latorre, Mariano, |
| Fechas asociadas al nombre | 1886-1955. |
| 9 (RLIN) | 21995 |
| 245 10 - MENCIÓN DE TÍTULO | |
| Título | Cuna de condores / |
| Mención de responsabilidad, etc. | Mariano Latorre ; prólogo, Omer Emeth. |
| 260 ## - PUBLICACIÓN, DISTRIBUCIÓN, ETC. | |
| Lugar de publicación, distribución, etc. | Santiago de Chile : |
| Nombre del editor, distribuidor, etc. | Andres Bello, |
| Fecha de publicación, distribución, etc. | 1983. |
| 300 ## - DESCRIPCIÓN FÍSICA | |
| Extensión | 103 p. ; |
| Dimensiones | 19 cm. |
| 650 #4 - PUNTO DE ACCESO ADICIONAL DE MATERIA--TÉRMINO DE MATERIA | |
| Término de materia o nombre geográfico como elemento de entrada | Cuentos chilenos |
| 9 (RLIN) | 14649 |
| 650 #4 - PUNTO DE ACCESO ADICIONAL DE MATERIA--TÉRMINO DE MATERIA | |
| Término de materia o nombre geográfico como elemento de entrada | Literatura chilena |
| 9 (RLIN) | 3164 |
| 700 1# - PUNTO DE ACCESO ADICIONAL--NOMBRE DE PERSONA | |
| Nombre de persona | emeth, Omer, |
| Término indicativo de función/relación | pról. |
| 9 (RLIN) | 21996 |
| Estado de retiro | Estado de pérdida | Restricciones de uso | No para préstamo | Código de colección | Localización permanente | Ubicación/localización actual | Ubicación en estantería | Fecha de adquisición | Número de inventario | Total de préstamos | Signatura topográfica completa | Código de barras | Fecha visto por última vez | Precio válido a partir de | Tipo de ítem Koha |
|---|---|---|---|---|---|---|---|---|---|---|---|---|---|---|---|
| Préstamo interno | Monografías: Libros y Folletos | General | General | En catalogación | 14.09.2009 | LF1 | Ch863.44 L358c | 8092-10 | 25.06.2020 | 25.06.2020 | Préstamo interno | ||||
| Monografías: Libros y Folletos | Patrimonio Dominicano | Patrimonio Dominicano | Orden iniciada | 03.04.2017 | LF1 | Ch863.44 L358c | 8092-20 | 25.06.2020 | 25.06.2020 | No se presta |
